Menuju kejayaan

Bibliographic Details
Main Author: Abdul Rahman Husin
Format: Book
Published: Selangor : Must Read , 2007
Subjects:

MARC

LEADER 00000cam a2200000 7i4500
001 0000015635
005 20080401.0
008 080401
020 |a 9834357511 
090 0 0 |a 158.1   |b ABD 
100 0 |a Abdul Rahman Husin 
245 1 0 |a Menuju kejayaan   |c Abdul Rahman Husin, Mohd Azrul Azlen Abd Hamid 
260 |a Selangor :   |b Must Read ,   |c 2007 
650 0 |a Achievement motivation 
650 0 |a Motivation (Psychology) 
650 0 |a Success 
999 |a 0001018140   |b Book   |c Adult Collection   |e Perbadanan Perpustakaan Awam Johor